00318nam a2200109Ia 4500008004100000040001900041041001200060082003300072245006800105300000900173850002600182131103s9999 xx 000 0 und d aLoreto College aEnglish a891.433/PRI-GRUbLCLIB/12826 aPremchand, ek adhayanb Jivan, chintan aur kala cRajeswar Guru a276p aLCLIB/891.433/PRI-GRU